000 00751nam a2200205 i 4500
001 39536
003 ES-MaACL
005 20250813063301.0
007 t|
008 030303q1890 sp a |||| | spa d
100 1 _aCano, Leopoldo,
_d1844-1933
_9141206
245 1 0 _aSaetas
_b: poesías /
_cde Leopoldo Cano y Masas ; ilustradas por E. de la Cerda [y otros artistas].
260 _aMadrid :
_bF. Bueno y Compañía,
_c[ca. 1890] (
_fE. Rubiños)
300 _a213 p. :
_bil. ;
_c18 cm.
530 _aDisponible en formato digital.
700 1 _aCerda Gariot, Emilio de la.
_937459
852 _aES-MaACL
_jD-2655
856 _uhttp://bdh-rd.bne.es/viewer.vm?id=0000201059&page=1
_zBiblioteca Digital Hispánica
999 _c39536
_d39536